000 00507pab a2200181 454500
008 180718b2011 xxu||||| |||| 00| 0 eng d
100 _aYang, Kafeng
245 _aFurther dissecting the black box of citizen participation: When does citizen involvement lead to good outcomes?
260 _c2011
300 _ap.880-892.
362 _aNov-Dec
650 _aEmployees
650 _aMotivation
700 _aPandey, Sanjay K
773 _aPublic Administration Review
908 _aN
909 _a94975
999 _c94975
_d94975